[Event "Podillya It"]
[Site "Khmelnitsky UKR"]
[Date "2008.10.01"]
[Round "8"]
[White "Nechaev,An"]
[Black "Zakhartsov,Vi"]
[Result "0-1"]
[WhiteElo "2394"]
[BlackElo "2556"]

1.d4 Nf6 2.c4 e6 3.Nc3 Bb4 4.Qc2 O-O 5.a3 Bxc3+ 6.Qxc3 d6 7.Nf3 b6 8.e3 Bb7
9.Be2 Nbd7 10.O-O Ne4 11.Qc2 f5 12.b4 Rf6 13.d5 c5 14.dxc6 Bxc6 15.Nd4 Bb7
16.f3 Rg6 17.Nxe6 Rxe6 18.fxe4 Bxe4 19.Bd3 Qe7 20.Bb2 Rf8 21.Rad1 Nf6 22.Bxf6 Rfxf6
23.Qb3 Kh8 24.Bxe4 Rxe4 25.Rd3 h6 26.h3 Qe6 27.Rf4 Rg6 28.Rf3 Rxc4 29.Rxf5 Rc1+
30.Rf1 Rxg2+  0-1

[Event "TCh-AUT 2nd Bundesliga Ost 2008-9"]
[Site "Austria AUT"]
[Date "2008.10.03"]
[Round "1"]
[White "Vavrak,P"]
[Black "Kostic,VG"]
[Result "1-0"]
[WhiteElo "2478"]
[BlackElo "2422"]

1.d4 Nf6 2.c4 e6 3.Nc3 Bb4 4.Qc2 O-O 5.e4 d6 6.Bd3 Nc6 7.Ne2 e5 8.d5 Nd4
9.Nxd4 exd4 10.a3 Ba5 11.b4 dxc3 12.bxa5 c6 13.O-O Qxa5 14.Bg5 Re8 15.Bxf6 gxf6
16.Qc1 Kg7 17.Rb1 Qc7 18.Rb3 Qe7 19.Bb1 Qe5 20.Kh1 Kh8 21.f4 Qd4 22.Rxc3 f5
23.e5 cxd5 24.Rd1 Qf2 25.cxd5 Bd7 26.Rc7 Rg8 27.Qc2 Qxc2 28.Bxc2 Rac8 29.exd6 Rg6
30.Rxd7 Rxc2 31.Rc7  1-0

[Event "1st WMSG Blitz Ind"]
[Site "Beijing CHN"]
[Date "2008.10.04"]
[Round "3"]
[White "Zhou Jianchao"]
[Black "Adianto,U"]
[Result "0-1"]
[WhiteElo "2612"]
[BlackElo "2554"]

1.d4 Nf6 2.c4 e6 3.Nc3 Bb4 4.Qc2 O-O 5.e4 d5 6.e5 Ne4 7.Bd3 c5 8.Ne2 Nc6
9.cxd5 exd5 10.O-O cxd4 11.Nxd5 Qxd5 12.Bxe4 Qxe5 13.Bxh7+ Kh8 14.Bf4 Qh5
15.Be4 Be6 16.Bxc6 bxc6 17.Nxd4 Bd5 18.Bg3 f5 19.Ne2 Be4 20.Qc4 Ba5 21.Nf4 Qh6
22.f3 Bb6+ 23.Kh1 Bd5 24.Nxd5 cxd5 25.Qxd5 Rad8 26.Qc4 Rd2 27.b3 f4 28.Be1 Rd6
29.h3 Rg6 30.Bf2 Qg5  0-1

[Event "1st WMSG Blitz Ind w"]
[Site "Beijing CHN"]
[Date "2008.10.04"]
[Round "6"]
[White "Huang Qian"]
[Black "Kovanova,B"]
[Result "1-0"]
[WhiteElo "2430"]
[BlackElo "2379"]

1.d4 Nf6 2.c4 e6 3.Nc3 Bb4 4.Qc2 O-O 5.a3 Bxc3+ 6.Qxc3 d6 7.Bg5 h6 8.Bh4 Nbd7
9.c5 Qe7 10.Rc1 d5 11.e3 c6 12.Nf3 Re8 13.Be2 Ne4 14.Qc2 Qf8 15.Bd3 f5 16.Bg3 Nxg3
17.hxg3 Qf6 18.Kf1 Rf8 19.Qc3 Re8 20.Ne5 Nxe5 21.dxe5 Qe7 22.Qd4 Rb8 23.g4 Bd7
24.Rh5 Rf8 25.Ke2 Be8 26.Rh2 Bg6 27.f4 Qf7 28.g5 hxg5 29.Rch1 Qe7 30.g4 Kf7
31.Rf2 Ke8 32.gxf5 Bxf5 33.Bxf5 exf5 34.fxg5 Qxg5 35.e6 Ke7 36.Qe5 Rbc8 37.Qd6+ Kf6
38.e7+  1-0

[Event "1st WMSG Blitz Ind"]
[Site "Beijing CHN"]
[Date "2008.10.04"]
[Round "11"]
[White "Zhou Jianchao"]
[Black "Ghaem Maghami,E"]
[Result "0-1"]
[WhiteElo "2612"]
[BlackElo "2599"]

1.d4 Nf6 2.c4 e6 3.Nc3 Bb4 4.Qc2 O-O 5.e4 d6 6.Bd3 Nc6 7.Ne2 e5 8.d5 Ne7
9.f3 c6 10.Be3 cxd5 11.cxd5 Bd7 12.O-O Rc8 13.Qb3 Qa5 14.Kh1 Bc5 15.Bg5 b5
16.a3 Kh8 17.Nxb5 Rb8 18.Qd1 Bxb5 19.b4 Qa6 20.Bxb5 Rxb5 21.bxc5 Rxc5 22.Bxf6 gxf6
23.Qd2 Rg8 24.Ng3 Qc8 25.f4 Ng6 26.fxe5 fxe5 27.Rxf7 Nf4 28.Rf1 Rc2 29.Qb4 Rxg2
30.Qb7 Qh3  0-1

[Event "TCh-BEL 2008-9"]
[Site "Belgium BEL"]
[Date "2008.10.05"]
[Round "1"]
[White "Geirnaert,S"]
[Black "Docx,S"]
[Result "0-1"]
[WhiteElo "2353"]
[BlackElo "2331"]

1.d4 Nf6 2.c4 e6 3.Nc3 Bb4 4.Qc2 O-O 5.a3 Bxc3+ 6.Qxc3 Ne4 7.Qc2 f5 8.e3 b6
9.Nh3 c5 10.f3 Nd6 11.dxc5 bxc5 12.b4 Nc6 13.Bb2 cxb4 14.axb4 a5 15.b5 Nb4
16.Qc3 Qe7 17.Nf2 Bb7 18.c5 Ne8 19.Bc4 Rc8 20.Rc1 Rf7 21.Bb3 Nc7 22.c6 dxc6
23.Qe5 cxb5 24.Rxc7 Qxc7 25.Qxe6 a4 26.Be5 Qc1+ 27.Ke2 Rc2+ 28.Bxc2 Qxc2+
29.Ke1 Bd5 30.Qe8+ Rf8 31.Qxf8+ Kxf8  0-1

[Event "1st WMSG Rapid Ind w"]
[Site "Beijing CHN"]
[Date "2008.10.06"]
[Round "7"]
[White "Huang Qian"]
[Black "Xu Yuhua"]
[Result "1-0"]
[WhiteElo "2430"]
[BlackElo "2477"]

1.d4 e6 2.c4 Nf6 3.Nc3 Bb4 4.Qc2 O-O 5.a3 Bxc3+ 6.Qxc3 d6 7.g3 e5 8.dxe5 dxe5
9.Bg2 Nc6 10.Nf3 e4 11.Ne5 Qd4 12.Nxc6 Qxc3+ 13.bxc3 bxc6 14.Bf4 Ba6 15.c5 Rab8
16.Bxc7 Rb2 17.O-O-O Ra2 18.Rd2 Rxa3 19.Kb2 Ra4 20.Kb3 Bb5 21.Rc1 Nd5 22.Bd6 Rd8
23.e3 Rd7 24.Bh3 Rd8 25.Bf1 Ra5 26.Bc7 Bxf1 27.Bxa5 Rb8+ 28.Ka3 Rb5 29.Bb4 a5
30.Rxf1 axb4+ 31.cxb4 f5 32.Rxd5 cxd5 33.Rd1  1-0

[Event "Belgrade Premier League"]
[Site "Belgrade SRB"]
[Date "2008.10.08"]
[Round "4"]
[White "Lapcevic,M"]
[Black "Pavlovic,Drago"]
[Result "1/2-1/2"]
[WhiteElo "2355"]
[BlackElo "2296"]

1.d4 Nf6 2.c4 e6 3.Nc3 Bb4 4.Qc2 O-O 5.a3 Bxc3+ 6.Qxc3 b6 7.Bg5 Bb7 8.f3 d6
9.Nh3 Nbd7 10.e3 e5 11.dxe5 dxe5 12.O-O-O Qe7 13.Nf2 h6 14.Bh4 Qe6 15.Be2 Rfe8
16.g4 Nh7 17.Rhg1 Ndf8 18.Rd2 Ng6 19.Bg3 Rad8 20.Rxd8 Rxd8 21.h4 Re8 22.h5 Ngf8
23.Bh4 Ng5 24.Bxg5 hxg5 25.Qc2 Qe7 26.Ne4 Ne6 27.Ng3 Qc5 28.Nf5 Nf4 29.Bf1 Bc8
30.b4 Bxf5 31.bxc5 Bxc2 32.exf4 Ba4 33.cxb6 axb6 34.fxg5 e4 35.fxe4 Rxe4
36.Bd3 Rd4 37.Kd2 Bd7 38.Ke3 Rxg4 39.Rxg4 Bxg4 40.Be2 Be6 41.Bd3 f6 42.gxf6 gxf6
43.h6 c5 44.Kf4 Kh8 45.Kg3 Bf7 46.Kg4 Be6+ 47.Kf3 Bf7 48.Ke3 Bg8 49.Kf4 Be6  1/2-1/2

[Event "1st WMSG Blitz Team"]
[Site "Beijing CHN"]
[Date "2008.10.13"]
[Round "2"]
[White "Arlandi,E"]
[Black "Hussein,HA"]
[Result "0-1"]
[WhiteElo "2425"]
[BlackElo "2354"]

1.d4 Nf6 2.c4 e6 3.Nc3 Bb4 4.Qc2 O-O 5.a3 Bxc3+ 6.Qxc3 d6 7.Nf3 Nbd7 8.e3 Re8
9.Be2 b6 10.O-O Bb7 11.b4 e5 12.dxe5 Nxe5 13.Nxe5 Rxe5 14.Bb2 Ne4 15.Qc2 Rg5
16.f3 Nf6 17.e4 h5 18.Rad1 Qe7 19.Rfe1 h4 20.h3 Nh5 21.Qc1 Rg6 22.Bd3 Qg5
23.Qxg5 Rxg5 24.Bc1 Re5 25.f4 Re7 26.e5 dxe5 27.fxe5 Rae8 28.Bg5 Rxe5 29.Bxh4 Nf4
30.Rxe5 Rxe5 31.Bf1 Ne2+ 32.Kf2 Nc3 33.Rd8+ Kh7 34.Rd7 Rf5+ 35.Kg1 g5 36.Rxc7 gxh4
37.Rxb7 Kg7 38.Rxa7 Rg5 39.Rb7 Rg6 40.Re7 Nb1 41.Re3 Nd2 42.Bd3 Rc6 43.Re5 Nxc4
44.Rg5+ Kf6 45.Rh5 Ne5 46.Be4 Rc3 47.Rxh4 Rxa3 48.Rh6+ Ng6 49.h4 Kg7 50.Rh5 Rg3
51.Kh2 Re3 52.Bf3 Ne5 53.Rg5+ Kf6 54.Rg3 Rb3 55.h5 Rxb4 56.h6 Rh4+ 57.Rh3 Nxf3+
58.gxf3 Rxh3+ 59.Kxh3 Kg6 60.Kg4 Kxh6 61.Kf5 Kg7 62.Ke5 Kg6 63.Kd5 Kf5 64.Kd4  0-1

[Event "1st WMSG Blitz Team"]
[Site "Beijing CHN"]
[Date "2008.10.13"]
[Round "2"]
[White "Kakageldyev,A"]
[Black "Mak Kei Keng"]
[Result "1-0"]
[WhiteElo "2449"]
[BlackElo "2017"]

1.d4 Nf6 2.c4 e6 3.Nc3 Bb4 4.Qc2 O-O 5.a3 Be7 6.e4 c5 7.d5 exd5 8.cxd5 d6
9.Nf3 Bg4 10.Nd2 Nfd7 11.Nc4 h6 12.Bf4 Nf6 13.Bd3 Nh5 14.Bd2 a6 15.a4 g5
16.f3 Bc8 17.Ne2 Ng7 18.h4 f5 19.hxg5 Bxg5 20.f4 Bh4+ 21.g3 Be7 22.Rxh6 Rf6
23.Rh2 Kf7 24.e5 Rg6 25.e6+ Kg8 26.O-O-O a5 27.Rdh1  1-0

[Event "1st WMSG Blitz Team"]
[Site "Beijing CHN"]
[Date "2008.10.13"]
[Round "8"]
[White "Wu Shaobin"]
[Black "Bagheri,A"]
[Result "0-1"]
[WhiteElo "2455"]
[BlackElo "2490"]

1.d4 Nf6 2.c4 e6 3.Nc3 Bb4 4.Qc2 O-O 5.a3 Bxc3+ 6.Qxc3 b6 7.Bg5 Bb7 8.f3 d6
9.e3 Nbd7 10.Bd3 c5 11.b4 Rc8 12.Ne2 h6 13.Bh4 d5 14.dxc5 bxc5 15.b5 Qb6
16.a4 e5 17.Bf5 d4 18.Qd2 Rcd8 19.e4 Bc8 20.O-O Rde8 21.a5 Qd6 22.Nc3 Bb7
23.Ne2 Nh5 24.Kh1 Kh8 25.Bf2 Ndf6 26.Bh4 Ng8 27.Bf2 g6 28.Bg4 Nhf6 29.Bh3 Rd8
30.Nc1 Kg7 31.Nd3 Nh7 32.Bg3 f6 33.f4 Rfe8 34.Rab1 Bxe4 35.Rbe1 Bxd3 36.Qxd3 exf4
37.Bxf4 Qxf4 38.Rxf4 Rxe1+ 39.Rf1 Rde8 40.g3 R8e3 41.Qd2 R1e2 42.Qd1 Ng5
43.Bg2 d3 44.b6 axb6 45.axb6 Rb2 46.h4 Ne6 47.b7 Nd4 48.Re1 Ree2 49.Rg1 f5
50.h5 Nf6 51.Qa1 Ng4 52.Qa7 Nf2+ 53.Kh2 Nf3+ 54.Bxf3 Ng4+ 55.Kh3 Rh2+  0-1

[Event "1st WMSG Rapid Team"]
[Site "Beijing CHN"]
[Date "2008.10.15"]
[Round "3"]
[White "Kakageldyev,A"]
[Black "Batchuluun,C"]
[Result "0-1"]
[WhiteElo "2449"]
[BlackElo "2346"]

1.d4 Nf6 2.c4 e6 3.Nc3 Bb4 4.Qc2 O-O 5.a3 Bxc3+ 6.Qxc3 b6 7.Bg5 Bb7 8.Nf3 h6
9.Bh4 d6 10.e3 Nbd7 11.Be2 Qe7 12.O-O Rfe8 13.b4 a5 14.Qb2 g5 15.Bg3 Ne4
16.Nd2 f5 17.Nxe4 Bxe4 18.f3 Bb7 19.c5 e5 20.Qc2 f4 21.exf4 exf4 22.Bf2 Bd5
23.Rfe1 Qf7 24.bxa5 Rxa5 25.cxd6 c6 26.Bd3 Raa8 27.h4 Qf6 28.hxg5 hxg5 29.Bg6 Rxe1+
30.Rxe1 Qxd6 31.Qf5 Nf8 32.Bh5 Qh6 33.Bg4 Qg6 34.Qe5 b5 35.Qe7 Qg7 36.Qc5 Qg6
37.Re5 Re8 38.Bf5 Qf7 39.Qd6 Rxe5 40.Qxe5 Qg7 41.Qd6 Qf7 42.Bg4 Qg6 43.Qd8 Kg7
44.Qe7+ Kg8 45.Bh3 Be6 46.Bxe6+ Nxe6 47.Qd6 Nf8 48.Qe5 Qb1+ 49.Be1 Ng6 50.Qe6+ Kg7
51.Kh2 Qc2 52.Bb4 Kh7 53.Qf7+ Kh6 54.Qf6 Kh7 55.Qxg5 Qc4 56.Bc5 Qe6 57.Qh5+ Kg7
58.Qg5 Kf7 59.Qh6 Qf5 60.Qh7+ Kf6 61.Qc7 Qe6 62.Qd8+ Kf7 63.Qg5 Qd7 64.Qh6 Qf5
65.Qh7+ Kf6 66.Bb6 Qd5 67.Bc5 Qe6 68.Qh6 Qd5 69.Bf8 Qf7 70.Bd6 Kf5 71.Qh5+ Ke6
72.Be5 Qf5 73.Qh6 Kd5 74.Bg7 Kc4 75.Qh7 Kb3 76.Qg8+ Kxa3 77.Be5 Nxe5 78.dxe5 Qh5+
79.Kg1 Qxe5 80.Qa8+ Kb2 81.Qxc6 b4 82.Qc4 b3 83.Kh2 Qe3 84.Kh3 Kb1 85.Kg4 b2
86.Qf1+ Kc2 87.Qc4+ Kd2 88.Qb4+ Qc3 89.Qxf4+ Kd1 90.Qa4+ Qc2 91.Qd4+ Ke1
92.Qe3+ Kf1 93.Qd4  0-1

[Event "1st WMSG Rapid Team"]
[Site "Beijing CHN"]
[Date "2008.10.15"]
[Round "3"]
[White "Wu Shaobin"]
[Black "Drozdovskij,Y"]
[Result "0-1"]
[WhiteElo "2455"]
[BlackElo "2587"]

1.d4 Nf6 2.c4 e6 3.Nc3 Bb4 4.Qc2 O-O 5.a3 Bxc3+ 6.Qxc3 b6 7.Bg5 h6 8.Bh4 Ba6
9.Nf3 d6 10.e3 Nbd7 11.Bd3 c5 12.b4 cxd4 13.Nxd4 Rc8 14.Qb3 Ne5 15.b5 Bb7
16.O-O d5 17.Nc6 Bxc6 18.bxc6 Rxc6 19.cxd5 Qxd5 20.Qxd5 Nxd5 21.Bb5 Rc2 22.Bg3 Rc5
23.a4 Nc3 24.Rfc1 f6 25.h3 Rfc8 26.Kh2 Kf7 27.f4 Nc6 28.Be1 Na5 29.Ba6 R8c7
30.Ra3 Nxa4 31.Rxc5 Nxc5 32.Bxa5 Nxa6 33.Bxb6 axb6 34.Rxa6 Rb7 35.Kg3 b5
36.Ra3 b4 37.Rb3 Ke7 38.Kf3 Kd6 39.Ke4 Kc5 40.Kd3 Rd7+ 41.Ke2 Kc4 42.Rb1 b3
43.Rc1+ Kb4 44.Rc6 Kb5 45.Rc8 Ka4 46.Ra8+ Kb4 47.Rb8+ Kc3 48.Rc8+ Kb2 49.Rc6 e5
50.fxe5 fxe5 51.Kf3 Rb7 52.Ke4 Ka3 53.Ra6+ Kb4 54.Kd3 e4+ 55.Kd2 Rd7+ 56.Kc1 Kc3
57.Rc6+ Kd3 58.Rb6 Kxe3 59.Rxb3+ Kf2  0-1

[Event "1st WMSG Rapid Team"]
[Site "Beijing CHN"]
[Date "2008.10.15"]
[Round "6"]
[White "Drozdovskij,Y"]
[Black "Vavrak,P"]
[Result "1-0"]
[WhiteElo "2587"]
[BlackElo "2478"]

1.d4 e6 2.c4 Nf6 3.Nc3 Bb4 4.Qc2 O-O 5.a3 Bxc3+ 6.Qxc3 b6 7.Bg5 Bb7 8.e3 d6
9.Ne2 Nbd7 10.Qc2 c5 11.dxc5 bxc5 12.Nc3 Qb6 13.Rd1 Rac8 14.Be2 h6 15.Bf4 e5
16.Bg3 Bxg2 17.Rg1 Bh3 18.Nb5 Ne8 19.f4 a6 20.Nc3 Rb8 21.Rd2 Nef6 22.Qd1 Rfe8
23.Bf3 Be6 24.Be2 Kh8 25.Qc2 Bh3 26.Kd1 exf4 27.Bxf4 Ne5 28.Kc1 Be6 29.Rgd1 Red8
30.Na4 Qc7 31.Bxe5 dxe5 32.Rxd8+ Rxd8 33.Rxd8+ Qxd8 34.Nxc5 Qb6 35.Nxe6 Qxe3+
36.Qd2 Qg1+ 37.Qd1 Qe3+ 38.Kc2 fxe6 39.Qd8+ Kh7 40.Qd3+ Qxd3+ 41.Kxd3 Kg6
42.c5 Kf7 43.Kc4 e4 44.Kd4 a5 45.b4 axb4 46.axb4 Ke7 47.b5 Kd7 48.Bd1 Nd5
49.b6 e3 50.Bf3 g5 51.Ke5 Ne7 52.Kf6 Nd5+ 53.Kf7 Nf4 54.c6+ Kd6 55.c7 e2
56.Bxe2 Kd5  1-0

[Event "WYCC Girls U16"]
[Site "Vung Tau City VIE"]
[Date "2008.10.21"]
[Round "2"]
[White "Batkovskyte,D"]
[Black "Pavlidou,E"]
[Result "1-0"]
[WhiteElo "1972"]
[BlackElo "2139"]

1.d4 Nf6 2.c4 e6 3.Nc3 Bb4 4.Qc2 O-O 5.a3 Bxc3+ 6.Qxc3 Ne4 7.Qc2 f5 8.e3 b6
9.Bd3 Bb7 10.Ne2 d6 11.O-O Nd7 12.f3 Ng5 13.Bd2 c5 14.d5 Ne5 15.e4 Nxd3 16.Qxd3 Nf7
17.Bc3 e5 18.exf5 Bc8 19.f4 Nh6 20.Ng3 Ng4 21.fxe5 Nxe5 22.Bxe5 dxe5 23.Rae1 Ba6
24.Re4 Qf6 25.Qe3 Rae8 26.Nh5 Qf7 27.Qe2 b5 28.Rg4 g6 29.fxg6 Qxf1+ 30.Qxf1 Rxf1+
31.Kxf1 Rf8+ 32.Ke1 h6 33.g7 Rf5 34.Ng3 Rf7 35.Rg6 Bb7 36.Nh5 bxc4 37.Nf6+ Rxf6
38.Rxf6 Bxd5 39.Rxh6 Kxg7 40.Ra6 Bxg2 41.Rxa7+ Kf6 42.Rc7 Be4 43.Rxc5 Bd3
44.a4 Ke6 45.h4 Kd6 46.Rc8 Kd7 47.Rg8 Kc6 48.h5 Kc5 49.Rb8  1-0

[Event "WYCC Boys U16"]
[Site "Vung Tau City VIE"]
[Date "2008.10.22"]
[Round "3"]
[White "Binder,Mi"]
[Black "Martchenko,A"]
[Result "1-0"]
[WhiteElo "2181"]
[BlackElo "2039"]

1.d4 Nf6 2.c4 e6 3.Nc3 Bb4 4.Qc2 O-O 5.a3 Bxc3+ 6.Qxc3 d6 7.Bg5 Nbd7 8.Nf3 b6
9.e3 Bb7 10.Be2 Qe8 11.O-O Ne4 12.Qc2 f5 13.Bh4 Kh8 14.Nd2 g5 15.Bg3 Qf7
16.f3 Nxd2 17.Qxd2 f4 18.Bf2 Qh5 19.Rae1 Rf6 20.c5 Rh6 21.h3 Nf6 22.exf4 gxf4
23.Qxf4 Rg8 24.Qh2 Qf5 25.g4 bxc5 26.dxc5 Nh5 27.Be3 Rhg6 28.cxd6 Nf6 29.Qf4 cxd6
30.Qxf5 exf5 31.Kf2 fxg4 32.hxg4 Rf8 33.Kg3 Nh5+ 34.Kh2 Nf4 35.Bxf4 Rxf4
36.Bd3 Rg8 37.Re7 Rg7 38.Re8+ Rg8 39.Re7 Rg7 40.Rxg7 Kxg7 41.Kg3 Rd4 42.Bf5 Rd2
43.Rf2 Rxf2 44.Kxf2 h6 45.f4 Kf6 46.Bd7 Ke7 47.Ba4 Kf6 48.Ke3 Bc8 49.Bd1 Bb7
50.b4 Bc6 51.a4 Ke6 52.b5 Be8 53.Kd4 Kd7 54.a5 Kc7 55.Be2 Bf7 56.g5 hxg5
57.fxg5 Bg6 58.Bd3  1-0

[Event "WYCC Boys U18"]
[Site "Vung Tau City VIE"]
[Date "2008.10.22"]
[Round "4"]
[White "Karthikeyan,P"]
[Black "Toufighi,H"]
[Result "1-0"]
[WhiteElo "2426"]
[BlackElo "2470"]

1.d4 e6 2.c4 Nf6 3.Nc3 Bb4 4.Qc2 O-O 5.a3 Bxc3+ 6.Qxc3 b6 7.Bg5 Bb7 8.e3 d6
9.Ne2 Nbd7 10.Qd3 Qe7 11.Nc3 c5 12.Rd1 Rfd8 13.d5 exd5 14.cxd5 a6 15.e4 b5
16.f3 b4 17.Ne2 a5 18.Qd2 h6 19.Bf4 Re8 20.Kf2 Nh5 21.Ng3 Nxf4 22.Qxf4 Ne5
23.Nf5 Qf6 24.g3 Ng6 25.Nxh6+ Kf8 26.Qxf6 gxf6 27.Nf5 Red8 28.f4 Bc8 29.a4 Bxf5
30.exf5 Ne7 31.g4 Nc8 32.h4 Nb6 33.Bb5 c4 34.g5 Kg7 35.h5 Rac8 36.Bc6 Nd7
37.h6+ Kh7 38.Rde1  1-0

[Event "WYCC Boys U18"]
[Site "Vung Tau City VIE"]
[Date "2008.10.24"]
[Round "6"]
[White "Bao Khoa"]
[Black "Rosberg,S"]
[Result "1-0"]
[WhiteElo "2142"]
[BlackElo "2222"]

1.d4 Nf6 2.c4 e6 3.Nc3 Bb4 4.Qc2 O-O 5.e4 d5 6.e5 Ne4 7.a3 Bxc3+ 8.bxc3 c5
9.Bd3 Qa5 10.Bxe4 dxe4 11.Bd2 Qa6 12.Qxe4 Qxc4 13.Nf3 Nd7 14.Rc1 Rb8 15.Ng5 f5
16.Qe2 Qxe2+ 17.Kxe2 Re8 18.h4 b6 19.Rhg1 Ba6+ 20.Ke3 Bb7 21.g4 h6 22.Nh3 Rf8
23.Nf4 Rbe8 24.g5 hxg5 25.Rxg5 Kf7 26.Rcg1 Rg8 27.Nh5 g6 28.Nf4 Bc6 29.Nxg6 Rd8
30.Nf4 Rxg5 31.hxg5 Rg8 32.g6+ Ke7 33.g7 Kf7 34.Rg5 c4 35.Nxe6 Kxe6 36.Rg6+ Ke7
37.Rxc6 Rxg7 38.Rxc4 Rg4 39.Rc7 a5 40.f3 Rg1 41.Kf4 Rd1 42.Be3 Rd3 43.Bf2 b5
44.Bh4+  1-0

[Event "Grand Prix CCAS"]
[Site "Cap D'Agde FRA"]
[Date "2008.10.25"]
[Round "1"]
[White "Manoeuvre,A"]
[Black "Cornette,M"]
[Result "0-1"]
[WhiteElo "2139"]
[BlackElo "2548"]

1.d4 Nf6 2.c4 e6 3.Nc3 Bb4 4.Qc2 O-O 5.a3 Bxc3+ 6.Qxc3 Qe8 7.g3 a5 8.Bg2 a4
9.Bg5 Qe7 10.e4 h6 11.Bxf6 Qxf6 12.e5 Qe7 13.f4 Nc6 14.Ne2 Na5 15.O-O Ra7
16.Qc2 b6 17.Be4 Ba6 18.Bh7+ Kh8 19.Bd3 f6 20.Qxa4 d5 21.b4 dxc4 22.Bc2 Nb3
23.b5 Nxa1 24.Rxa1 Bb7 25.Qxa7 Bf3 26.Qa4 Bxe2 27.Qb4 Qd8 28.Qc3 Qd5 29.Re1 Bg4
30.Be4 Qxb5 31.Rc1 Rd8 32.Qxc4 Qb2 33.Rc3 c5 34.Bd3 Qd2  0-1

[Event "92nd ch-Marshall CC"]
[Site "New York USA"]
[Date "2008.10.25"]
[Round "6"]
[White "Sarkar,J"]
[Black "Kacheishvili,G"]
[Result "1/2-1/2"]
[WhiteElo "2451"]
[BlackElo "2572"]

1.d4 Nf6 2.c4 e6 3.Nc3 Bb4 4.Qc2 O-O 5.e4 d5 6.e5 Ne4 7.Bd3 c5 8.Ne2 cxd4
9.Nxd4 Nd7 10.Bf4 Ndc5 11.O-O Bxc3 12.bxc3 Bd7 13.Be2 Na4 14.cxd5 exd5 15.c4 Rc8  1/2-1/2

[Event "TCh-HUN 2008-9"]
[Site "Zalaegerszeg HUN"]
[Date "2008.10.26"]
[Round "1"]
[White "Balazs,G2"]
[Black "Izso,D"]
[Result "1/2-1/2"]
[WhiteElo "2283"]
[BlackElo "2270"]

1.d4 Nf6 2.c4 e6 3.Nc3 Bb4 4.Qc2 O-O 5.a3 Bxc3+ 6.Qxc3 b6 7.Bg5 Bb7 8.f3 d5
9.e3 Nbd7 10.cxd5 exd5 11.Bd3 h6 12.Bh4 Re8 13.Ne2 Qe7 14.Bf2 c5 15.O-O Rac8
16.Qd2 a6 17.Ng3 g6 18.Rfe1 Qd6 19.Rad1 cxd4 20.exd4 Kg7 21.Be3 Ng8 22.Bf4 Rxe1+
23.Rxe1 Qc6 24.h4 h5 25.Bb1 Qc4 26.Bd6 Rc6 27.Qf4 Rxd6 28.Qxd6 Qxd4+ 29.Kf1 Qc4+
30.Ne2 Ngf6 31.Qb4 a5 32.Qxc4 dxc4 33.Nd4 Ba6 34.Kf2 Nc5 35.Bc2 Nd5 36.g3 Kf6
37.f4 c3 38.bxc3 Nxc3 39.Re3 Nd5 40.Re5 Nc3 41.Re3 Nd5 42.Re5 Nc3  1/2-1/2

[Event "WYCC Girls U18"]
[Site "Vung Tau City VIE"]
[Date "2008.10.27"]
[Round "8"]
[White "Gevorgyan,I"]
[Black "Zhorzholiani,M"]
[Result "1/2-1/2"]
[WhiteElo "2179"]
[BlackElo "2122"]

1.d4 Nf6 2.c4 e6 3.Nc3 Bb4 4.Qc2 O-O 5.a3 Bxc3+ 6.Qxc3 b6 7.Bg5 Bb7 8.e3 d6
9.Ne2 Nbd7 10.Qc2 c5 11.Rd1 Rc8 12.Nc3 Qe7 13.d5 a6 14.Be2 Rfe8 15.O-O Qf8
16.e4 Rb8 17.a4 h6 18.Bh4 g5 19.Bg3 e5 20.Rde1 Qg7 21.Nd1 Nf8 22.Ne3 Bc8
23.Nf5 Bxf5 24.exf5 N8d7 25.Rd1 Rec8 26.Rfe1 Ne8 27.f3 Qf6 28.Bf2 Rb7 29.h4 Qg7
30.hxg5 hxg5 31.Be3 f6 32.Kf2 Nc7 33.b3 Kf7 34.Rh1 Rbb8 35.Qc1 Rh8 36.Rxh8 Rxh8
37.Rh1 a5 38.g3 Rh7 39.Kg2 Qh8 40.Rxh7+ Qxh7 41.Qc2 Ne8  1/2-1/2

[Event "WYCC Boys U14"]
[Site "Vung Tau City VIE"]
[Date "2008.10.29"]
[Round "10"]
[White "Hasenohr,B"]
[Black "Emiroglu,C"]
[Result "1-0"]
[WhiteElo "2008"]
[BlackElo "2101"]

1.d4 Nf6 2.c4 e6 3.Nc3 Bb4 4.Qc2 O-O 5.e4 d5 6.e5 Ne4 7.a3 Bxc3+ 8.bxc3 c5
9.Bb2 cxd4 10.cxd4 Qa5+ 11.Ke2 f5 12.f3 Ng5 13.h4 Nf7 14.Kf2 dxc4 15.Bxc4 Qb6
16.Qb3 Qc7 17.Rc1 Nc6 18.Qc3 Qb6 19.Qb3 Qd8 20.Qe3 f4 21.Qc3 Qb6 22.Ke1 Na5
23.Ba2 Bd7 24.Qb4 Qa6 25.Ne2 Nh6 26.Rc7 Rad8 27.Bc3 Nc6 28.Qxb7 Qxb7 29.Rxb7 Kh8
30.Rc7 Nf5 31.Kf2 Be8 32.Nxf4 Nfxd4 33.Nxe6 Nxe6 34.Bxe6 Rd3 35.Rc1 Nd8 36.Bc4 Rd7
37.Rxd7 Bxd7 38.Ke3 Ne6 39.Rd1 Rc8 40.Bxe6 Bxe6 41.Bd4 a6 42.Rb1 Kg8 43.Rb6 Bc4
44.Rb7 Be6 45.f4 g6 46.Rb6 Bc4 47.g4 Rf8 48.Rb7 Be6 49.Ra7 Rb8 50.Rxa6 Rb3+
51.Ke4 Bxg4 52.e6 Bf3+ 53.Ke5 Rb5+ 54.Kf6 Rf5+ 55.Ke7 Rxf4 56.Rd6 Rf8 57.a4 Bg4
58.a5 Be2 59.Rd8 Rxd8 60.Kxd8 g5 61.e7  1-0

[Event "WYCC Girls U16"]
[Site "Vung Tau City VIE"]
[Date "2008.10.29"]
[Round "10"]
[White "Batkovskyte,D"]
[Black "Hejazipour,M"]
[Result "1/2-1/2"]
[WhiteElo "1972"]
[BlackElo "2139"]

1.d4 Nf6 2.c4 e6 3.Nc3 Bb4 4.Qc2 O-O 5.a3 Bxc3+ 6.Qxc3 b6 7.Bg5 Bb7 8.e3 d6
9.f3 Nbd7 10.Nh3 c5 11.dxc5 bxc5 12.Be2 Qb6 13.O-O Bc6 14.Rad1 Ba4 15.Rd2 Rab8
16.Bd1 Bb3 17.Bf4 e5 18.Bg3 Rfc8 19.Bc2 Rc6 20.Rfd1 Bxc2 21.Qxc2 h6 22.Nf2 Kf8
23.Nd3 Qb3 24.Qxb3 Rxb3 25.Nc1 Rbb6 26.Ne2 Ke7 27.Nc3 a6 28.Bh4 g5 29.Bg3 Rb3
30.f4 Ng4 31.fxe5 Ndxe5 32.Bxe5 Nxe5 33.Nd5+ Ke6 34.Rf2 Ng4 35.Re2 Ne5 36.Rf2 Ng4
37.Re2 Ne5  1/2-1/2

[Event "8th Rohde Open"]
[Site "Sautron FRA"]
[Date "2008.10.30"]
[Round "7"]
[White "Maiorov,N1"]
[Black "Monroy,C"]
[Result "1-0"]
[WhiteElo "2530"]
[BlackElo "2400"]

1.d4 Nf6 2.c4 e6 3.Nc3 Bb4 4.Qc2 O-O 5.a3 Bxc3+ 6.Qxc3 d6 7.Nf3 Nbd7 8.g3 b6
9.Bg2 Bb7 10.O-O a5 11.b3 Qe7 12.Bb2 Be4 13.Rfd1 c6 14.Bf1 d5 15.Nd2 Bg6
16.Bg2 Rfc8 17.Re1 c5 18.dxc5 Nxc5 19.Qe3 Ra7 20.b4 Na4 21.Bxf6 Qxf6 22.cxd5 exd5
23.Nb3 Rac7 24.bxa5 Rc3 25.Qd4 Qxd4 26.Nxd4 bxa5 27.Bxd5 Nb6 28.Bf3 Nc4 29.a4 Nd2
30.Bb7 R8c5 31.Red1  1-0

[Event "Open A"]
[Site "Le Touquet FRA"]
[Date "2008.10.31"]
[Round "8"]
[White "Geirnaert,S"]
[Black "Briscoe,C"]
[Result "1/2-1/2"]
[WhiteElo "2353"]
[BlackElo "2253"]

1.d4 Nf6 2.c4 e6 3.Nc3 Bb4 4.Qc2 O-O 5.a3 Bxc3+ 6.Qxc3 b6 7.Bg5 Bb7 8.f3 d5
9.e3 Nbd7 10.cxd5 Nxd5 11.Bxd8 Nxc3 12.Bg5 Nd5 13.e4 N5f6 14.Bc4 h6 15.Be3 c5
16.Ne2 Rac8 17.Rc1 Rfd8 18.O-O Ne8 19.Bb5 Nd6 20.Bxd7 Rxd7 21.dxc5 bxc5 22.Rfd1 Ba6
23.Nc3 Rcd8 24.Bxc5 Nc4 25.Rxd7 Rxd7 26.b3 Nd2 27.b4 Nb3 28.Rc2 Bd3 29.Rb2 Nxc5
30.bxc5 Rc7 31.Na4 a6 32.Rb8+ Kh7 33.Nb2 Bb5 34.a4 Bd7 35.Rd8 Kg6 36.Ra8 Rxc5
37.Nd3 Ra5 38.f4 f6 39.Ra7 Bxa4 40.f5+ exf5 41.Nf4+ Kh7 42.exf5 Rxf5 43.Ne6 Bb5
44.g4 Rd5 45.Rxg7+ Kh8 46.Rg6 Kh7 47.Rxf6 a5 48.h4 Bd7 49.Rf7+ Kg8 50.Rf8+ Kh7
51.Rf7+ Kg8 52.Rf8+ Kh7 53.Rf7+  1/2-1/2

[Event "21st Belgrade Trophy"]
[Site "Obrenovac SRB"]
[Date "2008.11.02"]
[Round "6"]
[White "Ristic,Neb2"]
[Black "Alishani,I"]
[Result "1-0"]
[WhiteElo "2374"]
[BlackElo "2154"]

1.d4 Nf6 2.c4 e6 3.Nc3 Bb4 4.Qc2 O-O 5.a3 Bxc3+ 6.Qxc3 d6 7.Bg5 Nbd7 8.e3 b6
9.Ne2 Bb7 10.Qc2 Re8 11.Nc3 Nf8 12.f3 h6 13.Bh4 Ng6 14.Bf2 c5 15.Rd1 cxd4
16.Rxd4 Qe7 17.Be2 d5 18.cxd5 Nxd5 19.Nxd5 Bxd5 20.O-O Rac8 21.Qd2 Qf6 22.Ba6 Ra8
23.e4 Bc6 24.Rc1 Ne7 25.Rd6 Ba4 26.Bd4 Qg6 27.Rc4 Red8 28.Be5 Rxd6 29.Qxd6 b5
30.Rc7 Nf5 31.exf5 Qxf5 32.Bb7 Rf8 33.Be4 Qg5 34.f4 Qh4 35.g3 Qg4 36.Rxa7 Qe2
37.Qxf8+ Kxf8 38.Bd6+  1-0

[Event "21st Belgrade Trophy"]
[Site "Obrenovac SRB"]
[Date "2008.11.03"]
[Round "7"]
[White "Stanoev,A"]
[Black "Nestorovic,De"]
[Result "0-1"]
[WhiteElo "2259"]
[BlackElo "2424"]

1.d4 Nf6 2.c4 e6 3.Nc3 Bb4 4.Qc2 O-O 5.a3 Bxc3+ 6.Qxc3 d6 7.Bg5 h6 8.Bh4 Qe7
9.Nf3 Re8 10.e3 e5 11.dxe5 dxe5 12.Bg3 Nc6 13.Bh4 g5 14.Bg3 Ne4 15.Qb3 f5
16.Qc2 Qf6 17.Ng1 Be6 18.f3 Nxg3 19.hxg3 f4 20.gxf4 exf4 21.e4 Rad8 22.Bd3 Rxd3
23.Qxd3 Qxb2 24.Rd1 Qxg2 25.Rxh6 Kg7 26.Qc3+ Kxh6 27.Qf6+ Kh5 28.Ne2 Qh1+
29.Kd2 Rd8+  0-1

[Event "21st Belgrade Trophy"]
[Site "Obrenovac SRB"]
[Date "2008.11.04"]
[Round "8"]
[White "Kjartansson,G"]
[Black "Nestorovic,De"]
[Result "1/2-1/2"]
[WhiteElo "2284"]
[BlackElo "2424"]

1.d4 Nf6 2.c4 e6 3.Nc3 Bb4 4.Qc2 O-O 5.a3 Bxc3+ 6.Qxc3 d6 7.Bg5 h6 8.Bh4 Qe7
9.f3 e5 10.e4 Re8 11.Bf2 Nbd7 12.Bd3 d5 13.cxd5 Nxd5 14.Qd2 exd4 15.Bxd4 c5
16.Bf2 Nc7 17.Rc1 b6 18.Bg3 Ne5 19.Bxe5 Qxe5 20.Ne2 Rd8 21.Qc3 Qxc3+ 22.Rxc3 a6
23.Kf2 Nb5 24.Bxb5 axb5 25.Rb3 Ra5 26.Ke3 Be6 27.Rd3 Rxd3+ 28.Kxd3 Bc4+ 29.Kd2 Bxe2
30.Kxe2 Ra4 31.Kd3 b4 32.axb4 Rxb4 33.Kc3 Kf8 34.Ra1 Ke7 35.Ra7+ Ke6 36.b3 h5
37.h4 g6 38.g3 f5 39.exf5+ Kxf5 40.Rc7 Kf6 41.Rc6+ Kf5 42.Rd6 Rb5 43.Kc4 Rb4+
44.Kc3 Rb5 45.Kc4  1/2-1/2

[Event "FSIMB November"]
[Site "Budapest HUN"]
[Date "2008.11.08"]
[Round "8"]
[White "Kahn,E"]
[Black "Henriksson,J"]
[Result "1/2-1/2"]
[WhiteElo "2297"]
[BlackElo "2250"]

1.d4 Nf6 2.c4 e6 3.Nc3 Bb4 4.Qc2 O-O 5.Bg5 d6 6.Nf3 Nbd7 7.e3 c5 8.Bd3 h6
9.Bh4 b6 10.O-O-O cxd4 11.exd4 Bb7 12.Kb1 Rc8 13.Nb5 a6 14.Qb3 axb5 15.Qxb4 bxc4
16.Bxc4 Be4+ 17.Bd3 Qc7 18.Bxe4 Nxe4 19.Rc1 Qb7 20.Qb5 Rxc1+  1/2-1/2